000
00304nam a22001337a 4500
008
171020b xxu||||| |||| 00| 0 eng d
020
_a
9780070530836
041
_a
eng
080
_a
337
100
_a
54
101
_a
MEN
245
_a
INTEGRATING MANGED CARE ETHICS
_c
HIEPLER.M.O
942
_2
udc
_c
BK
999
_c
35028
_d
35028